[Event "TCh-FIN SM 2013-14"]
[Site "Oulu FIN"]
[Date "2013.10.13"]
[Round "4.3"]
[White "Wallin,A"]
[Black "Jarvenpaa,J"]
[Result "1-0"]
[WhiteElo "2183"]
[BlackElo "2291"]

1.d4 Nf6 2.c4 e6 3.Nc3 Bb4 4.f3 c5 5.d5 b5 6.e4 bxc4 7.Bxc4 Nxd5 8.Bxd5 exd5
9.Qxd5 Nc6 10.Ne2 O-O 11.O-O Re8 12.Rd1 Ba6 13.Bf4 Qb6 14.Qxd7 Rad8 15.Qc7 Ba5
16.Qxb6 axb6 17.Ng3 Nb4 18.Nd5 Nxd5 19.Rxd5 Bc4 20.Rxd8 Rxd8 21.Nf5 Rd3 22.Ne7+ Kf8
23.Nc6 Bd2 24.Bxd2 Rxd2 25.Ne5 Be6 26.b3 Ke7 27.h3 f6 28.Ng4 Bxg4 29.hxg4 Rb2
30.Kh2 Kd6 31.Kg3 b5 32.Kf4 Rxg2 33.a4 c4 34.Rd1+ Kc7 35.bxc4 bxc4 36.Rc1 Kd6
37.Rxc4 Ra2 38.Kf5 Rf2 39.Rc3 Ke7 40.Rc7+ Kd6 41.Rc3 Ke7 42.Ra3 Rc2 43.Kf4 Rc6
44.a5 Ra6 45.e5 Ke6 46.exf6 Kxf6 47.Ke4 Kg5 48.Kd5 g6 49.Kc5 h5 50.gxh5 gxh5
51.Kb5 Rf6 52.a6 Rf5+ 53.Kc6 Rf6+ 54.Kd7 Rf7+ 55.Kc6 Rf6+ 56.Kd5 Rf5+ 57.Ke4 Rf4+
58.Ke3 Rf8 59.a7 Ra8 60.Ra5+ Kh4 61.Kf2  1-0

[Event "Chigorin Memorial"]
[Site "St Petersburg RUS"]
[Date "2013.10.13"]
[Round "9.55"]
[White "Grigoryeva,O2"]
[Black "Donskov,Ana"]
[Result "1-0"]
[WhiteElo "2166"]
[BlackElo "2317"]

1.d4 Nf6 2.c4 e6 3.Nc3 Bb4 4.f3 O-O 5.e4 d5 6.cxd5 exd5 7.e5 Nfd7 8.a3 Bxc3+
9.bxc3 c5 10.Bd3 Nc6 11.Ne2 Re8 12.O-O Nf8 13.Be3 c4 14.Bc2 f5 15.Qd2 Be6
16.Nf4 Qd7 17.Qf2 Ng6 18.Nh5 Qf7 19.Nf4 Nce7 20.Rfb1 b6 21.a4 Nc6 22.Bd2 Nf8
23.Nh3 h6 24.Qg3 Ng6 25.Re1 Rab8 26.Bd1 Kh7 27.Bc2 Kg8 28.Kf2 Rb7 29.Nf4 Nge7
30.h4 Nb8 31.Reb1 Nd7 32.h5 Nf8 33.Rh1 a6 34.Qh3 b5 35.axb5 Rxb5 36.Ba4 Rb2
37.Bxe8 Rxd2+ 38.Ke1  1-0

[Event "4th Continental Class 2013"]
[Site "Arlington USA"]
[Date "2013.10.14"]
[Round "9.10"]
[White "Kumar,Aravind"]
[Black "Nieto,G"]
[Result "1-0"]
[WhiteElo "2066"]
[BlackElo "1978"]

1.d4 Nf6 2.c4 e6 3.Nc3 Bb4 4.f3 Bxc3+ 5.bxc3 Nc6 6.e4 d5 7.cxd5 exd5 8.e5 Nd7
9.f4 Nb6 10.Nf3 Bf5 11.Bd3 Qd7 12.O-O O-O 13.Bxf5 Qxf5 14.Nh4 Qd7 15.f5  1-0

[Event "Indonesia Open 2013"]
[Site "Jakarta INA"]
[Date "2013.10.16"]
[Round "10.45"]
[White "Khairul,A"]
[Black "Surya,W"]
[Result "1/2-1/2"]
[WhiteElo "2301"]
[BlackElo "2279"]

1.d4 Nf6 2.c4 e6 3.Nc3 Bb4 4.f3 d5 5.a3 Bxc3+ 6.bxc3 c5 7.cxd5 Nxd5 8.dxc5 Qa5
9.e4 Ne7 10.Be3 O-O 11.Qb3 Na6 12.Nh3 Bd7 13.Be2 Rac8 14.Qxb7 Qxc3+ 15.Kf2 Nxc5
16.Qxa7 Rc7 17.Qb6 Nc8 18.Qb4 Nd3+ 19.Bxd3 Qxd3 20.Rhc1 Rxc1 21.Rxc1 e5 22.Ng1 Re8
23.Qd2 Qb5 24.Rc5 Qa4 25.Ne2 Be6 26.Qb4 Bd7 27.Qxa4 Bxa4 28.Nc3 Bd7 29.Rc7 Be6
30.Bc5 Rd8 31.a4 h5 32.a5 Rd2+ 33.Ke3 Rxg2 34.a6 Rxh2 35.a7 Nxa7 36.Rxa7 h4
37.Bd6 f6 38.Nd1 Rc2 39.Kd3 Rg2 40.Ne3 Rg1 41.Rc7 h3 42.Rc2 Kh7 43.f4 exf4
44.Bxf4 g5 45.Bh2 Rh1 46.Nf5 Kg6 47.Rf2 Ra1 48.Ne7+ Kg7 49.e5 Ra2 50.exf6+ Kf7  1/2-1/2

[Event "Indonesia Open 2013"]
[Site "Jakarta INA"]
[Date "2013.10.17"]
[Round "11.4"]
[White "Gupta,Ab"]
[Black "Mareco,S"]
[Result "1-0"]
[WhiteElo "2593"]
[BlackElo "2565"]

1.d4 Nf6 2.c4 e6 3.Nc3 Bb4 4.f3 Nc6 5.e4 d5 6.cxd5 exd5 7.e5 Ng8 8.Be3 Nge7
9.f4 O-O 10.Nf3 Bf5 11.Be2 Na5 12.Bf2 Nc4 13.Qb3 c5 14.O-O Na5 15.Qa4 Qb6
16.Nb5 Ng6 17.dxc5 Bxc5 18.Bxc5 Qxc5+ 19.Qd4 Qc2 20.Rae1 Nc6 21.Qd2 Qa4 22.Nfd4 Nxd4
23.Nxd4 Bd7 24.f5 Ne7 25.Rf4 Qxa2 26.Ref1 Rae8 27.e6 Bc6 28.f6 gxf6 29.Rxf6  1-0

[Event "TCh-CZE Vychod 2013-14"]
[Site "Czech Rep CZE"]
[Date "2013.10.20"]
[Round "1.1"]
[White "Biolek,R1"]
[Black "Zwardon,V"]
[Result "1/2-1/2"]
[WhiteElo "2404"]
[BlackElo "2383"]

1.d4 Nf6 2.c4 e6 3.Nc3 Bb4 4.f3 d5 5.a3 Bxc3+ 6.bxc3 O-O 7.cxd5 exd5 8.e3 Bf5
9.Ne2 c5 10.Ng3 Bg6 11.Bd3 Nc6 12.Bxg6 hxg6 13.O-O Re8 14.Ra2 Qa5 15.Qd3 c4
16.Qc2 b5 17.e4 Qb6 18.Bg5 a5 19.Bxf6 gxf6 20.Rb2 Rad8 21.Ne2 b4 22.axb4 axb4
23.Nf4 dxe4 24.fxe4 Nxd4 25.cxd4 Qxd4+ 26.Qf2 c3 27.Nd5 Rxe4 28.Nxf6+ Kg7
29.Nxe4 cxb2 30.Qxd4+ Rxd4 31.Nf2 f5 32.h3 Kf6 33.Rb1 Rd2 34.Nd1 Ke5 35.Nxb2 Kd4
36.Rd1 Rxd1+ 37.Nxd1 Kd3 38.Kf2 b3 39.Nb2+ Kc3 40.Na4+ Kb4  1/2-1/2

[Event "TCh-CZE Extraliga 2013-14"]
[Site "Lysa nad Labem CZE"]
[Date "2013.11.02"]
[Round "1.2"]
[White "Biolek,R1"]
[Black "Stocek,J"]
[Result "1/2-1/2"]
[WhiteElo "2404"]
[BlackElo "2543"]

1.d4 Nf6 2.c4 e6 3.Nc3 Bb4 4.f3 c5 5.d5 O-O 6.e4 d6 7.Ne2 Re8 8.a3 Ba5 9.Rb1 exd5
10.cxd5 a6 11.b4 Bb6 12.Be3 Nbd7 13.Qd2 cxb4 14.axb4 a5 15.Bxb6 Nxb6 16.bxa5 Nc4
17.Qd4 Na3 18.Rb2 Qxa5 19.Kf2 Bd7 20.Qb4 Qa7+ 21.Nd4 Rec8 22.Ke3 b5 23.Ra2 Qb8
24.Ncxb5 Bxb5 25.Rxa3 Bd7 26.Rb3 Qa7 27.Bd3 Rcb8 28.Qc3 Rxb3 29.Qxb3 Rb8
30.Qc3 Rc8 31.Ra1 Qb6 32.Qb3 Qd8 33.Kf2 Qe8 34.Ne2 Qe5 35.Rh1 h5 36.g3 h4
37.Qa3 Re8 38.Qa1 Qg5 39.Qc1 Qg6 40.Nf4 Qh6 41.Ng2 Qh5 42.Nf4 Qe5 43.Qa1 Qg5
44.Rd1 Rb8 45.Rb1 Re8 46.Rd1 Rb8 47.Rb1 Re8 48.Rd1  1/2-1/2

[Event "TCh-CZE Extraliga 2013-14"]
[Site "Lysa nad Labem CZE"]
[Date "2013.11.03"]
[Round "2.8"]
[White "Hausner,I"]
[Black "Vesselovsky,S"]
[Result "1/2-1/2"]
[WhiteElo "2378"]
[BlackElo "2349"]

1.d4 Nf6 2.c4 e6 3.Nc3 Bb4 4.f3 d5 5.a3 Be7 6.e4 dxe4 7.fxe4 e5 8.d5 O-O
9.Nf3 Bg4 10.Be2 Bxf3 11.Bxf3 a5 12.Be3 Na6 13.Rb1 Bc5 14.Qe2 Qe7 15.O-O Nd7
16.Na4  1/2-1/2

[Event "TCh-CZE Extraliga 2013-14"]
[Site "Trinec CZE"]
[Date "2013.11.03"]
[Round "2.3"]
[White "Murdzia,P"]
[Black "Petrik,T"]
[Result "0-1"]
[WhiteElo "2444"]
[BlackElo "2519"]

1.d4 e6 2.c4 Nf6 3.Nc3 Bb4 4.f3 d5 5.a3 Be7 6.c5 b6 7.b4 bxc5 8.bxc5 Ba6
9.Rb1 O-O 10.Qa4 e5 11.e3 Bxf1 12.Kxf1 Nbd7 13.Nge2 Re8 14.Bd2 Bf8 15.Kf2 exd4
16.exd4 Nxc5 17.dxc5 Bxc5+ 18.Nd4 Nd7 19.Rhe1 Rxe1 20.Bxe1 Nb6 21.Qd1 Qh4+
22.Ke3 Nc4+ 23.Ke2 Re8+ 24.Ne4 Qxh2 25.Qa4 Nd6 26.Qxe8+ Nxe8 27.Rb8 Qe5 28.Nc6 Qe6
29.Nd8 Qa6+ 30.Kd1 dxe4 31.Nb7 Qa4+  0-1

[Event "3rd Panama Open"]
[Site "Panama City PAN"]
[Date "2013.11.04"]
[Round "7.6"]
[White "Otero Acosta,D"]
[Black "Ruiz C,J"]
[Result "0-1"]
[WhiteElo "2519"]
[BlackElo "2399"]

1.d4 Nf6 2.c4 e6 3.Nc3 Bb4 4.f3 O-O 5.a3 Bxc3+ 6.bxc3 Ne8 7.e4 Nc6 8.Bd3 b6
9.f4 Na5 10.Nf3 Ba6 11.Qe2 d5 12.cxd5 Bxd3 13.Qxd3 exd5 14.e5 f5 15.Ra2 g6
16.g4 fxg4 17.Ng5 Ng7 18.Rg2 Qd7 19.h3 g3 20.Qxg3 Qf5 21.Qg4 Nh5 22.O-O Nb3
23.Be3 Rae8 24.Kh2 c5 25.Rfg1 cxd4 26.cxd4 Re7 27.Qxh5 gxh5 28.Ne6+ Kf7 29.Nxf8 Kxf8
30.Rg5 Qe4 31.f5 Rxe5 32.Rg8+ Ke7 33.Bg5+ Kf7 34.dxe5 Qxe5+ 35.Rg3 Nd4 36.Be3 h4  0-1

[Event "Chinese Zonal w 2013"]
[Site "Zhongshan CHN"]
[Date "2013.11.08"]
[Round "11.3"]
[White "Wang Doudou"]
[Black "Shen Yang"]
[Result "0-1"]
[WhiteElo "2226"]
[BlackElo "2415"]

1.d4 Nf6 2.c4 e6 3.Nc3 Bb4 4.f3 d5 5.a3 Bxc3+ 6.bxc3 c6 7.e3 O-O 8.Bd3 b6
9.cxd5 cxd5 10.Ne2 Ba6 11.O-O Bxd3 12.Qxd3 Nc6 13.e4 h6 14.e5 Nd7 15.f4 f5
16.exf6 Nxf6 17.Ng3 Rc8 18.Ra2 Re8 19.Re2 Qd6 20.a4 Rc7 21.Rfe1 Rce7 22.Qg6 Kh8
23.h3 a6 24.Qd3 Ra8 25.Kh1 Ree8 26.Qg6 Qd7 27.Kh2 Kg8 28.Nh5 Nxh5 29.Qxh5 Qf7
30.Qxf7+ Kxf7 31.Ba3 Na5 32.g4 Nc4 33.Bc1 Rac8 34.f5 exf5 35.Rxe8 Rxe8 36.Rxe8 Kxe8
37.gxf5 Kf7 38.Kg3 Kf6 39.Kg4 Nd6 40.Bf4 Nxf5 41.Bc7 Ne3+ 42.Kf4 Nc4 43.h4 g6
44.Kg4 Ke6 45.Bf4 Nb2 46.Bxh6 Nxa4 47.Bd2 Nb2 48.Bc1 Nc4 49.Kg5 Kf7  0-1

[Event "23rd World Seniors 2013"]
[Site "Opatija CRO"]
[Date "2013.11.15"]
[Round "4.61"]
[White "Altshul,R"]
[Black "Korenevski,O"]
[Result "1-0"]
[WhiteElo "2150"]
[BlackElo "1880"]

1.d4 Nf6 2.c4 e6 3.Nc3 Bb4 4.f3 Bxc3+ 5.bxc3 d5 6.e3 O-O 7.cxd5 exd5 8.Bd3 Re8
9.Ne2 b6 10.O-O Ba6 11.Bxa6 Nxa6 12.Qd3 Qc8 13.Ng3 c5 14.Bb2 c4 15.Qd2 Nc7
16.Rae1 Qa6 17.Bc1 Qb7 18.Qc2 b5 19.e4 Ne6 20.e5 Nd7 21.f4 Qb6 22.Be3 Nc7
23.f5 a5 24.Qe2 b4 25.Qg4 Kf8 26.f6 Ne6 27.fxg7+ Kg8 28.Nf5  1-0

[Event "23rd World Seniors 2013"]
[Site "Opatija CRO"]
[Date "2013.11.20"]
[Round "8.51"]
[White "Yakimenko,Alex"]
[Black "Chubar,V"]
[Result "0-1"]
[WhiteElo "2212"]
[BlackElo "2071"]

1.d4 Nf6 2.c4 e6 3.Nc3 Bb4 4.f3 Nc6 5.a3 Bxc3+ 6.bxc3 b6 7.e4 Ba6 8.Bg5 h6
9.Bh4 Qc8 10.Nh3 g5 11.Bg3 Nh5 12.Bf2 Na5 13.g4 Ng7 14.Qa4 Qb7 15.Bg3 f6
16.Nf2 O-O-O 17.c5 Bxf1 18.Kxf1 h5 19.h3 Rh7 20.Kg2 Rdh8 21.Rhc1 f5 22.Be5 hxg4
23.hxg4 d5 24.cxd6 cxd6 25.Bxd6 Qd7 26.Qxd7+ Kxd7 27.Be5 Nb3 28.Bxg7 Rxg7
29.Rh1 Rc8 30.Rad1 Rxc3 31.d5 fxg4 32.Nxg4 exd5 33.Rxd5+ Kc7 34.Nf6 Kb7 35.Ne8 Re7
36.Nd6+ Ka6 37.Rxg5 Nd4 38.Rd1 Nxf3 39.Rg3 Nh4+ 40.Kh3 Rxg3+ 41.Kxg3 Ng6
42.Kg4 Re5 43.Rd4 b5 44.Nf7 Re6 45.Kf5 Rc6 46.Nd6 Ne7+ 47.Ke6 Ng6 48.Rb4 Rc5
49.Kf6 Nf4 50.Rd4 Kb6 51.e5 Nd5+ 52.Kf7 Kc6 53.Nc8 a5 54.e6 Nc7 55.Nd6 Rd5
56.Rxd5 Kxd5 57.Nb7 a4 58.e7 b4 59.axb4 a3 60.Nc5 a2 61.Ne6 Nb5 62.Nf4+ Kc4
63.Kg6 Nd6  0-1

[Event "TCh-CZE Vychod 2013-14"]
[Site "Czech Rep CZE"]
[Date "2013.11.23"]
[Round "5.1"]
[White "Pacher,M"]
[Black "Klima,L"]
[Result "0-1"]
[WhiteElo "2446"]
[BlackElo "2342"]

1.d4 Nf6 2.c4 e6 3.Nc3 Bb4 4.f3 c5 5.d5 d6 6.e4 O-O 7.Bd3 exd5 8.cxd5 Nbd7
9.Ne2 Ne5 10.O-O Rb8 11.Kh1 a6 12.f4 Nxd3 13.Qxd3 b5 14.e5 Ng4 15.h3 Qh4
16.Qg3 Qh5 17.e6 f5 18.a3 Bxc3 19.Nxc3 b4 20.axb4 cxb4 21.Nd1 Rb5 22.Ne3 Nxe3
23.Bxe3 Rxd5 24.Rfc1 Bxe6 25.Rxa6 Rd3 26.Ra7 Qg6 27.Qf2 h6 28.Rcc7 Rf7 29.Bd4 Bd5
30.Rxf7 Rxh3+ 31.Kg1 Bxf7 32.Qc2 Qg4 33.Ra8+ Kh7 34.Ra7 Qxf4 35.Bf2 b3 36.Qc8 Rd3
37.Ra1 Rd2 38.Rf1 Bc4 39.g3 Qe4 40.Re1 Qf3  0-1

[Event "TCh-CZE Vychod 2013-14"]
[Site "Czech Rep CZE"]
[Date "2013.11.24"]
[Round "3.1"]
[White "Pacher,M"]
[Black "Zwardon,V"]
[Result "1-0"]
[WhiteElo "2446"]
[BlackElo "2383"]

1.d4 Nf6 2.c4 e6 3.Nc3 Bb4 4.f3 d5 5.a3 Bxc3+ 6.bxc3 c5 7.cxd5 exd5 8.e3 O-O
9.Bd3 Nc6 10.Ne2 c4 11.Bc2 b5 12.O-O a5 13.e4 h6 14.Ng3 Qb6 15.Kh1 Ra7 16.Bf4 Rd8
17.Qc1 b4 18.Bxh6 b3 19.Bxg7 Nh7 20.Bf6 bxc2 21.Nh5 Rd6 22.Qh6  1-0

[Event "TCh-AUT 2nd West 2013-14"]
[Site "Austria AUT"]
[Date "2013.12.01"]
[Round "5.2"]
[White "Baldauf,Marc"]
[Black "Zelbel,P"]
[Result "1-0"]
[WhiteElo "2402"]
[BlackElo "2395"]

1.d4 Nf6 2.c4 e6 3.Nc3 Bb4 4.f3 d5 5.a3 Bxc3+ 6.bxc3 c5 7.cxd5 Nxd5 8.dxc5 Qa5
9.e4 Nf6 10.Be3 O-O 11.Qb3 Nfd7 12.a4 Qc7 13.Qa3 b6 14.a5 Bb7 15.a6 Bc8 16.Nh3 Nxc5
17.Bxc5 bxc5 18.Qa5 Qb6 19.Bb5 Bd7 20.Qxb6 axb6 21.c4 Rd8 22.Kf2 Nc6 23.Bxc6 Bxc6
24.Rhb1 Rdb8 25.a7 Rb7 26.Ra6 Raxa7 27.Rxa7 Rxa7 28.Rxb6 Be8 29.Rb8 Kf8 30.Rc8 Ke7
31.Rxc5 Kd6 32.Rc8 Kd7 33.Rc5 Kd6 34.Rc8 Kd7 35.Rb8 Rc7 36.Rb4 Kd6 37.Nf4 Kc5
38.Rb8 Bc6 39.Rg8 g6 40.Rg7 Rd7 41.Rxh7 Kxc4 42.g4 Kd4 43.h4 Rb7 44.Kg3 Ke5
45.Nd3+ Kd4 46.Nf4 Ke5 47.Nd3+ Kd4 48.Nf2 Ke3 49.g5 Ke2 50.Rg7 Ra7 51.Rh7 Rb7
52.Rg7 Ra7 53.h5 gxh5 54.g6 Ra3 55.Rxf7 Be8 56.Nh3 e5 57.Rf6 Bxg6 58.Rxg6 Rxf3+
59.Kh4 Ke3 60.Ng5 Rf1 61.Kxh5 Rg1 62.Re6 Ra1 63.Kg4 Kd4 64.Rd6+ Ke3 65.Kf5 Rg1
66.Ra6  1-0

[Event "TCh-CZE Extraliga 2013-14"]
[Site "Ostrava CZE"]
[Date "2013.12.01"]
[Round "4.6"]
[White "Kociscak,J"]
[Black "Babula,V"]
[Result "1/2-1/2"]
[WhiteElo "2435"]
[BlackElo "2574"]

1.d4 Nf6 2.c4 e6 3.Nc3 Bb4 4.f3 c5 5.d5 O-O 6.e4 b5 7.Bg5 h6 8.Bh4 exd5 9.cxd5 Re8
10.Ne2 d6 11.g4 c4 12.Bg2 Bc5 13.Nxb5 Qa5+ 14.Nbc3 Nbd7 15.Qd2 Rb8 16.Rb1 Qd8
17.g5 Nh7 18.Bg3 hxg5 19.Nd4 Qf6 20.Nc6 Rb7 21.Na4 Nhf8 22.h4 gxh4 23.Bxh4 Qg6
24.Qg5 f5 25.Bh3 Bb4+ 26.Kd1 Ne5 27.Qxg6 Nfxg6 28.Bxf5 Bxf5 29.exf5 Nxh4
30.Rxh4 Nxc6 31.dxc6 Re1+ 32.Kc2 Re2+ 33.Kd1 Re1+  1/2-1/2

[Event "9th Ugra Governor's Cup"]
[Site "Khanty-Mansiysk RUS"]
[Date "2013.12.03"]
[Round "6.11"]
[White "Volkov,Sergey1"]
[Black "Bukavshin,I"]
[Result "1/2-1/2"]
[WhiteElo "2615"]
[BlackElo "2578"]

1.d4 Nf6 2.c4 e6 3.Nc3 Bb4 4.f3 c5 5.d5 b5 6.e4 O-O 7.e5 Ne8 8.f4 d6 9.Nf3 exd5
10.cxd5 c4 11.a4 Nd7 12.Bd2 dxe5 13.fxe5 Qe7 14.axb5 Nxe5 15.Nxe5 Qxe5+ 16.Qe2 Qd6
17.Qxc4 Nf6 18.Be2 Bb7 19.O-O Nxd5 20.Nxd5 Bxd2 21.Bf3 Rad8 22.Nc3 Bc8 23.Kh1 Be6
24.Qh4 Qc5 25.Bc6 f5 26.Qa4 Be3 27.Rfd1 Kh8 28.Bf3 g5 29.Qa6 Qb6 30.Bd5 Bc8
31.Qa4 Qh6 32.Rd3 f4 33.Re1 Rd6 34.Rdxe3 fxe3 35.Qxa7 Be6 36.Be4 g4 37.Kg1 Bc4
38.Qc7 Bd3 39.Bxd3 Rxd3 40.Qe5+ Qf6 41.Qxf6+ Rxf6 42.Nd1 Re6 43.b6 Rb3 44.b7 e2
45.Nc3 Rxb2 46.Rxe2 Rexe2 47.Nxe2 Kg7 48.Kf2 h5 49.Kg3 Kh6 50.Kh4 Rxb7 51.Nf4 Rb4
52.Ne2 Rb2 53.Nf4 Rb4 54.Ne2 Rc4 55.Ng3 Kg6 56.h3 gxh3+ 57.Kxh3 Rc3 58.Kh2 Re3
59.Nf1 Re2 60.Kg3 Kg5 61.Nh2 h4+ 62.Kh3 Re3+ 63.Nf3+ Kf4 64.Kxh4 Re8 65.Kh3 Rg8
66.Nh4 Rg7 67.Nf3 Rh7+ 68.Nh4 Kg5 69.g3 Rf7 70.Ng2 Rf2 71.Nh4 Rf1 72.Kg2 Ra1
73.Kh3 Ra3 74.Ng2 Ra8 75.Nh4 Rh8 76.Kg2 Rxh4 77.gxh4+ Kxh4  1/2-1/2

[Event "IV JAHV McGregor 2013"]
[Site "Bogota COL"]
[Date "2013.12.05"]
[Round "2.53"]
[White "Prado Segura,Robinson Alexander"]
[Black "Lizarazo,J"]
[Result "1-0"]
[WhiteElo "1868"]
[BlackElo "2120"]

1.d4 Nf6 2.c4 e6 3.Nc3 Bb4 4.f3 c5 5.d5 d6 6.e4 e5 7.Bd2 Bxc3 8.Bxc3 O-O
9.Ne2 Nh5 10.g4 Qh4+ 11.Kd2 Nf6 12.Qe1 Qg5+ 13.Kd3 b5 14.b3 bxc4+ 15.bxc4 Nfd7
16.h4 Qf6 17.f4 Nb6 18.g5 Qe7 19.fxe5 Ba6 20.Nf4 dxe5 21.Nh5 Nxc4 22.Kc2 Qd7
23.Bxc4 Bxc4 24.Qg3 Qa4+ 25.Kd2 Nd7 26.Nf6+ Kh8 27.Nxd7 Qxd7 28.Qxe5 f6 29.gxf6 Rxf6
30.Rag1 Rg6 31.Rxg6 hxg6 32.h5  1-0

[Event "63rd ch-HUN 2013"]
[Site "Gyula HUN"]
[Date "2013.12.06"]
[Round "4.1"]
[White "Toth,E"]
[Black "Nagy,Ga1"]
[Result "0-1"]
[WhiteElo "2477"]
[BlackElo "2404"]

1.d4 Nf6 2.c4 e6 3.Nc3 Bb4 4.f3 Nh5 5.Nh3 c5 6.d5 Qh4+ 7.Nf2 Qxc4 8.e4 Bxc3+
9.bxc3 Qxc3+ 10.Bd2 Qa3 11.g4 Nf6 12.g5 Nh5 13.f4 g6 14.Be2 d6 15.Bxh5 gxh5
16.Qxh5 exd5 17.O-O d4 18.e5 Bf5 19.exd6 O-O 20.Ng4 Bxg4 21.Qxg4 Qd3 22.Rad1 Nc6
23.Bc1 Qc2 24.f5 Rae8 25.Rf2 Qe4 26.Qh5 d3 27.d7 Re5 28.Rdf1 Nd4 29.Qh6 Rd5
30.g6 fxg6 31.fxg6 Ne2+ 32.Rxe2 Rxf1+ 33.Kxf1 dxe2+  0-1

[Event "TCh-SVK Ext 2013-14"]
[Site "Slovakia SVK"]
[Date "2013.12.07"]
[Round "3.3"]
[White "Kantorik,M"]
[Black "Jozefek,M"]
[Result "1/2-1/2"]
[WhiteElo "2270"]
[BlackElo "2168"]

1.d4 Nf6 2.c4 e6 3.Nc3 Bb4 4.f3 d5 5.a3 Bxc3+ 6.bxc3 c5 7.cxd5 Nxd5 8.dxc5 f5
9.c4 Qf6 10.Bd2 f4 11.cxd5 Qh4+ 12.g3 fxg3 13.Bg2 gxh2+ 14.Kf1 hxg1=Q+ 15.Kxg1 Qd4+
16.Kf1 Qxd5 17.Qc2  1/2-1/2

[Event "19th Navalmoral Open"]
[Site "Navalmoral ESP"]
[Date "2013.12.08"]
[Round "6.5"]
[White "Grigoryan,K2"]
[Black "Pogorelov,R"]
[Result "1-0"]
[WhiteElo "2604"]
[BlackElo "2381"]

1.d4 Nf6 2.c4 e6 3.Nc3 Bb4 4.f3 O-O 5.e4 d5 6.cxd5 exd5 7.e5 Nfd7 8.a3 Bxc3+
9.bxc3 f6 10.exf6 Nxf6 11.Bd3 c5 12.Ne2 b6 13.dxc5 bxc5 14.O-O Nbd7 15.Bg5 h6
16.Bh4 Qa5 17.Re1 Bb7 18.Bg3 Rfe8  1-0

[Event "63rd ch-HUN 2013"]
[Site "Gyula HUN"]
[Date "2013.12.10"]
[Round "8.1"]
[White "Toth,E"]
[Black "Berkes,F"]
[Result "0-1"]
[WhiteElo "2477"]
[BlackElo "2677"]

1.d4 Nf6 2.c4 e6 3.Nc3 Bb4 4.f3 c5 5.d5 O-O 6.e4 Re8 7.Ne2 d6 8.Ng3 b5 9.Be2 bxc4
10.Bxc4 Ba6 11.Bxa6 Nxa6 12.O-O c4 13.Kh1 Nc5 14.Bg5 h6 15.Bxf6 Qxf6 16.Nb5 Red8
17.Nd4 Nd3 18.Nc6 Bc5 19.Nxd8 Rxd8 20.Qc2 Rb8 21.Rab1 Qd4 22.h3 h5 23.Qc3 Rxb2
24.Qxd4 Bxd4 25.Rxb2 Bxb2 26.Ne2 e5 27.f4 exf4 28.Nxf4 Nc5 29.Rf2 Be5 30.Ne2 Nxe4
31.Rf3 c3 32.Re3 f5 33.g4 hxg4 34.hxg4 Nf2+ 35.Kg1 Nxg4 36.Rf3 c2 37.Rxf5 Bd4+
38.Kh1 Ne3 39.Rf4 Be5 40.Ra4 Nxd5 41.Rxa7 Nf4 42.Nc1 Bb2 43.Nb3 Nd3 44.Re7 Ba3
45.Re3 Nb4 46.Re8+ Kf7 47.Ra8 c1=Q+ 48.Nxc1 Bxc1 49.a3 Nd5 50.a4 Be3 51.a5 Bc5
52.Rb8 Nb4 53.Kg2 Ke6 54.Kf3 Nc6 55.Ra8 Kd5 56.Kf4 Kc4 57.a6 Kb5 58.Kf5 Bd4
59.Ke6 Be5 60.Kf5 Kb6 61.Ke4 Na7 62.Rb8+ Kxa6 63.Kd5 g5 64.Rb4 Nc8 65.Kc6 Ne7+
66.Kd7 Nd5 67.Rb3 g4 68.Kc6 Ne7+ 69.Kd7  0-1

[Event "25th Carlos Torre Open"]
[Site "Merida MEX"]
[Date "2013.12.15"]
[Round "4.6"]
[White "Otero Acosta,D"]
[Black "Gonzalez Garcia,J2"]
[Result "1/2-1/2"]
[WhiteElo "2527"]
[BlackElo "2485"]

1.d4 Nf6 2.c4 e6 3.Nc3 Bb4 4.f3 d5 5.a3 Bxc3+ 6.bxc3 c5 7.cxd5 exd5 8.e3 O-O
9.Bd3 b6 10.Ne2 Ba6 11.Bxa6 Nxa6 12.Qd3 Nc7 13.O-O Re8 14.Ng3 Qd7 15.e4 Qb5
16.Qxb5 Nxb5 17.e5 Nd7 18.Bb2 g6 19.f4 f5 20.exf6 Nxf6 21.dxc5 bxc5 22.c4 Nd4
23.f5 Rf8 24.fxg6 hxg6 25.cxd5 Nxd5 26.Rxf8+ Rxf8 27.Bxd4 cxd4 28.Rd1 Rc8
29.Rxd4 Rc1+ 30.Kf2 Rc2+ 31.Kf3 Rc3+ 32.Ke4 Nb6 33.Rd3 Rc2 34.Kf3 Nc4 35.Rd8+ Kg7
36.Ne4 Nxa3 37.Rd7+ Kf8 38.Rxa7 Nc4 39.Ng5 Ne5+ 40.Kg3 Kg8 41.h4 Nc6 42.Rd7 Rc4
43.Ne6 Ne5 44.Rg7+ Kh8 45.Re7 Kg8 46.Nf4 Rc3+ 47.Kf2 Nd3+ 48.Ke3 Nxf4+ 49.Kxf4 Kf8
50.Re5 Kg7 51.g4 Kf6 52.g5+ Kf7 53.Ra5 Rc4+ 54.Ke5 Rxh4 55.Ra7+ Kg8 56.Kf6 Rb4
57.Re7 Rb8 58.Re6 Rf8+ 59.Kxg6 Ra8  1/2-1/2

[Event "20th Zadar Open A 2013"]
[Site "Zadar CRO"]
[Date "2013.12.15"]
[Round "1.5"]
[White "Bilobrk,F"]
[Black "Kuljasevic,D"]
[Result "1-0"]
[WhiteElo "2390"]
[BlackElo "2591"]

1.d4 Nf6 2.c4 e6 3.Nc3 Bb4 4.f3 c5 5.d5 O-O 6.e4 b5 7.dxe6 fxe6 8.cxb5 d5
9.a3 Ba5 10.Bd2 Bxc3 11.Bxc3 d4 12.Bd2 Nxe4 13.Nh3 Nd6 14.Qc2 e5 15.Ng5 e4
16.fxe4 h6 17.Bc4+ Kh8 18.Bd5 hxg5 19.Bxa8 Bg4 20.Rf1 Re8 21.h3 Bh5 22.Qxc5 Nxe4
23.Bxe4 Rxe4+ 24.Kf2 Nd7 25.Qxg5 Qxg5 26.Bxg5 Re2+ 27.Kg1 Rxb2 28.Rfb1 Re2
29.a4 Bg6 30.Re1 Rb2 31.Bc1 Rb4 32.Re7 Nf6 33.Rxa7 Nd5 34.Ba3 Rb3 35.Bf8 d3
36.Bxg7+ Kg8 37.Bh6 Be4 38.Rf1  1-0

[Event "20th Zadar Open A 2013"]
[Site "Zadar CRO"]
[Date "2013.12.15"]
[Round "1.21"]
[White "Andrejic,V"]
[Black "Kanmazalp,O"]
[Result "0-1"]
[WhiteElo "2224"]
[BlackElo "2414"]

1.d4 Nf6 2.c4 e6 3.Nc3 Bb4 4.f3 c5 5.d5 O-O 6.e4 Re8 7.Ne2 d6 8.a3 Ba5 9.Ng3 b5
10.Kf2 bxc4 11.Bxc4 Ba6 12.Qd3 Bxc4 13.Qxc4 Bxc3 14.bxc3 exd5 15.exd5 Nbd7
16.Qa2 Ne5 17.Rd1 c4 18.Kf1 Qa5 19.f4 Qa4 20.Rd4 Nd3 21.Bd2 Rac8 22.Nf5 Qa6
23.a4 Ne4 24.Qc2 Rb8 25.Be1 g6 26.Ne3 Rb2 27.Qd1 Nec5 28.Nc2 Nb3 29.Bh4 Nxa1
30.Nxa1 Qb7  0-1

[Event "20th Zadar Open A 2013"]
[Site "Zadar CRO"]
[Date "2013.12.16"]
[Round "2.8"]
[White "Bilobrk,F"]
[Black "Zelcic,R"]
[Result "0-1"]
[WhiteElo "2390"]
[BlackElo "2519"]

1.d4 Nf6 2.c4 e6 3.Nc3 Bb4 4.f3 c5 5.d5 O-O 6.e4 d6 7.Bd2 exd5 8.cxd5 Nh5
9.g3 f5 10.f4 Qe8 11.Be2 Bxc3 12.Bxc3 Qxe4 13.Nf3 Re8 14.Kf1 b6 15.Rg1 Qxe2+
16.Qxe2 Ba6 17.Qxa6 Nxa6 18.Kf2 Nc7 19.Rad1 Nb5 20.Rge1 Nxc3 21.bxc3 Nf6
22.c4 Ne4+ 23.Kf1 Kf7 24.Rd3 Re7 25.Rde3 Rae8 26.Kg2 h6 27.Ra3 Nf6 28.Re6 Rxe6
29.dxe6+ Rxe6 30.Rxa7+ Re7 31.Ra6 Ng4 32.Rxb6 Ne3+ 33.Kf2 Nxc4 34.Ra6 Ke6
35.Ra4 Kd5 36.Nh4 Ne3 37.Ra3 Ng4+ 38.Kg1 Re1+ 39.Kg2 Ke6 40.h3 Nf6 41.Ra7 c4
42.Nf3 Re2+ 43.Kf1 Rb2 44.Nd4+ Kd5 45.Nxf5 c3 46.Rc7 Ke4 47.Nxd6+ Kd3 48.Nc4 Rb1+
49.Kg2 Nd5 50.Ne5+ Ke2 51.Rc5 Ne3+ 52.Kh2 c2  0-1

[Event "SportAccord Basque Men 2013"]
[Site "Beijing CHN"]
[Date "2013.12.17"]
[Round "2.1"]
[White "Aronian,L"]
[Black "Karjakin,Sergey"]
[Result "1/2-1/2"]
[WhiteElo "2803"]
[BlackElo "2756"]

1.d4 Nf6 2.c4 e6 3.Nc3 Bb4 4.f3 c5 5.d5 O-O 6.e4 b5 7.e5 exd5 8.exf6 d4 9.a3 Ba5
10.b4 dxc3 11.bxa5 Re8+ 12.Ne2 Qxf6 13.Qd5 Nc6 14.Qg5 Qe6 15.Kf2 Nd4 16.Nxd4 Qe1+
17.Kg1 cxd4 18.Qd5 Bb7 19.Qxd4 bxc4 20.h4 Qe5 21.Qxe5 Rxe5 22.Kf2 Rxa5 23.Rb1 Bc6
24.Bxc4 d5 25.Bd3 d4 26.h5 h6 27.Rh4 Ra4 28.Rf4 Rd8 29.Rf5 a6 30.Rc5 Bb5
31.Bxb5 axb5 32.Rbxb5 d3 33.Rxc3 d2 34.Bxd2 Rxd2+ 35.Kg3 Rd8 36.Rb7 Rd5 37.Rc8+ Kh7
38.Rxf7 Rxh5 39.Rcc7 Rg5+ 40.Kh3 Rxa3 41.g4 Rg6 42.Kh4 Ra1 43.Rf8 Rga6 44.Rff7 Rg6
45.Rb7 h5 46.Rf4 hxg4 47.Rxg4 Rh1+ 48.Kg3 Rg1+ 49.Kf4 Rf6+ 50.Ke3 Rxg4 51.fxg4 Kg6
52.Rb5 Rf1 53.Rc5 Kf6 54.Ke4 Kg6 55.Rf5 Rxf5 56.gxf5+ Kf6 57.Kf4 g6 58.fxg6 Kxg6  1/2-1/2

[Event "20th Zadar Open B 2013"]
[Site "Zadar CRO"]
[Date "2013.12.17"]
[Round "4.4"]
[White "Medancic,R"]
[Black "Lulic,I"]
[Result "1/2-1/2"]
[WhiteElo "2246"]
[BlackElo "2022"]

1.d4 Nf6 2.c4 e6 3.Nc3 Bb4 4.f3 d5 5.a3 Bxc3+ 6.bxc3 h6 7.e3 b6 8.Bd3 Ba6
9.cxd5 Bxd3 10.Qxd3 exd5 11.Ne2 O-O 12.O-O Re8 13.Ng3 Nbd7 14.e4 dxe4 15.Nxe4 c5
16.Be3 Qe7 17.Nxf6+ Nxf6 18.Rfe1  1/2-1/2

[Event "Pavlodar Open 2013"]
[Site "Pavlodar KAZ"]
[Date "2013.12.19"]
[Round "10.7"]
[White "Ulibin,M"]
[Black "Amanov,Z"]
[Result "0-1"]
[WhiteElo "2506"]
[BlackElo "2362"]

1.d4 Nf6 2.c4 e6 3.Nc3 Bb4 4.f3 d5 5.a3 Be7 6.e4 dxe4 7.fxe4 e5 8.d5 Bc5
9.Nf3 Bg4 10.h3 Bxf3 11.Qxf3 Nbd7 12.Ne2 a5 13.g4 O-O 14.h4 c6 15.g5 Ne8
16.Bh3 Nd6 17.h5 cxd5 18.cxd5 Ra6 19.Bd2 Nc4 20.Bc3 f5 21.Bxf5 Qxg5 22.Qd3 Ne3
23.Bxd7 Rf3 24.Qb5 Nc2+ 25.Kd1 Nxa1 26.Bd2 Qe7 27.Qxb7 Rb6 28.Be6+ Kh8 29.Qxe7 Bxe7
30.Bc3 Bg5 31.Bxe5 Bf6 32.Bxf6 gxf6 33.h6 Rxb2 34.Rg1 Rd3+ 35.Ke1 Rb8 36.Nf4 Rf3
37.Nh5 Nb3 38.Kd1 Nd4 39.Kd2 Rxa3 40.Rg7 Nf3+ 41.Kc2 Ne1+ 42.Kd1 Re3 43.Rg8+ Rxg8
44.Bxg8 Kxg8 45.Nxf6+ Kf7  0-1

[Event "WYCC U16 Girls 2013"]
[Site "Al-Ain UAE"]
[Date "2013.12.20"]
[Round "3.7"]
[White "Mahalakshmi,M"]
[Black "Choladze,M"]
[Result "1-0"]
[WhiteElo "2110"]
[BlackElo "1900"]

1.d4 Nf6 2.c4 e6 3.Nc3 Bb4 4.f3 d5 5.a3 Bxc3+ 6.bxc3 O-O 7.e3 b6 8.Bd3 Bb7
9.Ne2 c5 10.O-O Nc6 11.a4 Na5 12.cxd5 exd5 13.Ng3 Re8 14.Bd2 Rc8 15.Re1 Rc7
16.Rc1 g6 17.Kh1 Rce7 18.Rf1 Re6 19.f4 Qc8 20.f5 Rd6 21.Qf3 Ba6 22.Qf4 Red8
23.Bxa6 Qxa6 24.fxg6 fxg6 25.e4 Rf8 26.Qxd6  1-0